000 00321nam a2200133Ia 4500
008 230917s9999||||xx |||||||||||||| ||und||
040 _e144754
_aMAIN
041 _aEnglish
082 _aB J328J
100 _aDikshit, S
245 0 _aJawahar Lal Nehru
260 _aNew York
_bOxford University Press
_c1989
942 _cBK
999 _c58792
_d58792